|
|
แสดงรายละเอียดบรรณานุกรม |
|
|
Brief Record
: Get Marc (ISO 2709)
: E-mail record
: |
|
|
|
| LEADER 01174nam 2200277 a 4500 | |||
| 001 209569 | |||
| 003 ULIBM | |||
| 008 030417s2556 caua sb 001 0 eng | |||
| 020 ^a9786167043609 | |||
| 060 ^aWS105 ค695 2556 | |||
| 110 ^aสุภาวดี หาญเมธี,บรรณาธิการ | |||
| 245 ^aคู่มือพัฒนาการเด็ก = Child's development guide/สุภาวดี หาญเมธี...[และคนอื่นๆ] | |||
| 650 ^aพัฒนาการเด็ก--คู่มือ | |||
| 999 ^aKey new Using ULIBM easy add form | |||
| คุณยังไม่ได้ล็อกอิน คุณสามารถมีกิจกรรมร่วมกับเว็บไซต์ได้ แต่ต้องล็อกอินก่อน :: |
|
| สถานะ | |||||||||
| 1. | หนังสือสำรอง | WS105 ค695 2556 | On Shelf ขอยืม | ||||||
| 2. | หนังสือทั่วไป | WS105 ค695 2556 ฉ.2 | On Shelf ขอยืม | ||||||
| Note:ปีงบประมาณ2557 | |||||||||
| 3. | หนังสือทั่วไป | WS105 ค695 2556 ฉ.3 | On Shelf ขอยืม | ||||||
| Note:ปีงบประมาณ2557 | |||||||||
| 4. | หนังสือทั่วไป | WS105 ค695 2556 ฉ.4 | On Shelf ขอยืม | ||||||
| Note:ปีงบประมาณ2557 | |||||||||
| 5. | หนังสือทั่วไป | WS105 ค695 2556 ฉ.5 | On Shelf ขอยืม | ||||||
| Note:ปีงบประมาณ2557 | |||||||||
| 6. | หนังสือทั่วไป | WS105 ค695 2556 ฉ.6 | On Shelf ขอยืม | ||||||
| Note:ปีงบประมาณ2557 | |||||||||
| 7. | หนังสือทั่วไป | WS105 ค695 2556 ฉ.7 | On Shelf ขอยืม | ||||||
| Note:ปีงบประมาณ2557 | |||||||||
| 8. | หนังสือทั่วไป | WS105 ค695 2556 ฉ.8 | On Shelf ขอยืม | ||||||
| Note:ปีงบประมาณ2557 | |||||||||
| 9. | หนังสือทั่วไป | WS105 ค695 2556 ฉ.9 | On Shelf ขอยืม | ||||||
| Note:ปีงบประมาณ2557 | |||||||||
| 10. | หนังสือทั่วไป | WS105 ค695 2556 ฉ.10 | On Shelf ขอยืม | ||||||
| Note:ปีงบประมาณ2557 | |||||||||
| [แสดง 10/10 รายการ] | |||||||||
BibComment |
| คอมเมนท์ทรัพยากรรายการนี้ |
|
|